00353nam a2200145Ia 4500008004100000020001800041041000800059082001200067100001300079245003600092260003100128300000900159500001700168650002200185220803s9999 xx 000 0 und d a0-7134-7876-4 aeng a696 BAR aBarker T aConcepts In Practice : Lighting aTokyobB T Batsford c1997 a128p aArchitecture aBuilding Services